00197nam a22000857a 4500082001600000100001700016245004500033260002400078300000900102 a621.385 HOL aJOLLEY, E. H aINTRODUCTION TO TELEPHONY AND TELEGRAPHY aNEWYORKbHARTc1968 a413P